000 00848nam a2200265 a 4500
001 15001
003 BD-RjUL
005 20211208235730.0
008 170118s1973 njua 001 0 eng
020 _a0137736487
_a0137736304
035 _a(BD-RjUL)15055
040 _aDLC
_cDLC
_dBD-RjUL
_beng
041 _aeng
082 _a657.42
_bRER 1973
_223
100 1 _aRevsine, Lawrence
_946683
245 1 0 _aReplacement cost accounting /
_cLawrence Revsine
260 _aNew Jersey :
_bPrentice-Hall,
_c1973.
300 _axiii, 194 p. :
_bill ;
_c23 cm.
490 1 _aPrentice-Hall contemporary topics in accounting series
500 _aIncludes Index.
650 0 _aReplacement of industrial equipment
_xAccounting.
_946684
650 0 _acost accounting
_9176383
830 0 _aContemporary topics in accounting series.
_9183300
942 _2ddc
_cBK
999 _c15001
_d15001